Slavistische Studien zum VI. Internationalen Slavistenkongress in Prag 1968 /

Bibliographic Details
Corporate Author: International Congress of Slavists
Other Authors: Koschmieder, Erwin, 1895-1977 (Editor), Braun, Maximilian, 1903-1984 (Editor)
Format: Conference Proceeding Book
Language:German
Published: München : Trofenik, (1968)
Subjects:

MARC

Tag First Indicator Second Indicator Subfields
LEADER 00000cam a2200000I 4500
001 in00001664056
005 20151024121539.0
008 750728s1968 gw 000 0 ger c
010 |a  79379224  
035 |a (OCoLC)ocm01483955 
040 |a COO  |c COO  |d OCL  |d TXA  |d UtOrBLW 
049 |a TXAM 
050 0 0 |a PG11  |b .I5 1968d 
092 |a 491.804  |b S6316 
245 0 0 |a Slavistische Studien zum VI. Internationalen Slavistenkongress in Prag 1968 /  |c Hrsg. von Erwin Koschmieder und Maximilian Braun. 
264 1 |a München :  |b Trofenik,  |c (1968) 
300 |a xi, 630 pages ;  |c 24 cm. 
336 |a text  |b txt  |2 rdacontent 
337 |a unmediated  |b n  |2 rdamedia 
338 |a volume  |b nc  |2 rdacarrier 
500 |a Preconference publication. 
536 |a From the Library of Professor Horace G. Lunt. October 2000. 
650 0 |a Slavic philology. 
700 1 |a Koschmieder, Erwin,  |d 1895-1977,  |e editor. 
700 1 |a Braun, Maximilian,  |d 1903-1984,  |e editor. 
711 2 |a International Congress of Slavists  |n (6th :  |d 1968 :  |c Prague) 
948 |a cataloged  |b h  |c 2002/3/6  |d c  |e spoltoratski  |f 10:22:19 am 
994 |a E0  |b TXA 
999 |a MARS 
999 f f |s 069b619b-c844-3c15-b087-2fa833f12430  |i 1a8739a1-7879-3b50-9a70-278e62208fd1  |t 0 
952 f f |p ric  |a Texas A&M University  |b Rellis Campus  |c Joint Library Facility  |d Remote Storage  |t 0  |e PG11 .I5 1968  |h Library of Congress classification  |i unmediated -- volume  |m A14828293056 
998 f f |a PG11 .I5 1968  |t 0  |l Remote Storage